[Event "8 Player Open 15"]
[Site "SchemingMind.com"]
[Date "2014.10.16"]
[Round "-"]
[White "e7e5"]
[Black "Scooter"]
[Result "0-1"]
[WhiteCountry "POL"]
[BlackCountry "USA"]
[WhiteElo "1431"]
[WhiteRD "76"]
[BlackElo "1752"]
[BlackRD "44"]
[GameID "367159"]

1. e4 c6 2. d4 d5 3. exd5 cxd5 4. Nf3 Nf6 5. Bg5 e6 6. Nc3 Be7 7. Bd3 Nbd7 8. O-O O-O 9. h3 h6 10. Bh4 a6
11. Ne5 Nxe5 12. dxe5 Nd7 13. Bg3 Bh4 14. Ne2 Bxg3 15. fxg3 Nxe5 16. Nf4 Nxd3 17. Qxd3 b5 18. Rad1 Bb7 19. Rfe1 Rc8 20. c3 Qb6+
21. Kh2 a5 22. Rb1 b4 23. Rec1 Ba6 24. Qd1 bxc3 25. bxc3 Qc5 26. Nd3 Bxd3 27. Qxd3 Rb8 28. Qd4 Qc7 29. Qd3 Rfc8 30. Qd4 Rxb1
31. Rxb1 Qxc3 32. Qf4 Qc2 33. Rb8 Rxb8 34. Qxb8+ Kh7 35. Qf4 Qf5 36. Qd2 a4 37. g4 Qe4
0-1

[Event "8 Player Open 15"]
[Site "SchemingMind.com"]
[Date "2014.10.16"]
[Round "-"]
[White "Scooter"]
[Black "e7e5"]
[Result "1/2-1/2"]
[WhiteCountry "USA"]
[BlackCountry "POL"]
[WhiteElo "1761"]
[WhiteRD "48"]
[BlackElo "1420"]
[BlackRD "75"]
[GameID "367160"]

1. d4 d5 2. Nf3 Nc6 3. Bf4 Bg4 4. e3 f6 5. Be2 g5 6. Bg3 h5 7. h3 Be6 8. Nc3 h4 9. Bh2 Bf7 10. a3 e6
11. Nb5 Bd6 12. Bxd6 cxd6 13. O-O a6 14. Nc3 e5 15. dxe5 dxe5 16. Na4 Nge7 17. Rc1 b5 18. Nc3 e4 19. Nd4 Qd6 20. Nxc6 Nxc6
21. Bg4 Ne5 22. Nxe4 Qd8 23. Nc5 Qd6 24. b4 O-O 25. Qd4 Nc6 26. Qd2 a5 27. Qc3 Ne5 28. bxa5 Nxg4 29. hxg4 Rac8 30. Qd4 Rxc5
31. Rfd1 Bg6 32. e4 Bxe4 33. Qxe4 Rfc8 34. Qb4 Qe5 35. Re1 Qc3 36. Re3 Qxb4 37. axb4 d4 38. Re4 Rc4 39. f3 Rxb4 40. Kf2 Rbc4
41. Ke1 b4 42. Kd2 Kg7 43. Kd3 b3 44. Rxd4 Rxc2 45. Rb1 b2 46. Rb4 Rxg2 47. R1xb2 Rg3 48. Ke4 h3 49. Rh2 Rc3 50. a6 Ra3
51. Rb7+ Kg6 52. a7 Rgxf3 53. Kd5 Rg3 54. Kc6 Rgc3+ 55. Kd7 Rd3+ 56. Kc8 f5 57. Rb6+ Kf7 58. Rb7+ Ke6 59. gxf5+ Kxf5 60. Kb8 Rd8+
61. Kc7 Ra8 62. Kb6 g4 63. Rf2+ Kg5 64. Rg7+ Kh4 65. Rf4 h2 66. Rfxg4+ Kh3 67. R4g6 Rh8 68. Rg8 Rxg8 69. Rxg8 h1=Q 70. Rh8+ Kg2
71. Rxh1 Kxh1 72. Kb7 Rxa7+ 73. Kxa7
1/2-1/2

[Event "8 Player Open 15"]
[Site "SchemingMind.com"]
[Date "2014.10.21"]
[Round "-"]
[White "e7e5"]
[Black "smothered mate"]
[Result "0-1"]
[WhiteCountry "POL"]
[BlackCountry "POL"]
[WhiteElo "1420"]
[WhiteRD "75"]
[BlackElo "1946"]
[BlackRD "75"]
[GameID "367215"]

1. e4 e6 2. Nf3 d5 3. exd5 exd5 4. d4 c5 5. Bg5 f6 6. Bh4 Nh6 7. Bd3 Nc6 8. Bb5 Bd6 9. O-O O-O 10. Bxc6 bxc6
11. Nc3 Bg4 12. h3 Bxf3 13. Qxf3 cxd4 14. Nxd5 cxd5 15. Qxd5+ Kh8 16. Qf3 Qd7 17. Bg3 Bxg3 18. Qxg3 Nf5 19. Qg4 Rfe8 20. Rad1 Rad8
21. c3 d3 22. Rd2 Ne7 23. Qg3 Qd6 24. Qf3 Qd5 25. Qxd5 Rxd5 26. Re1 Kg8 27. c4 Rd7 28. b3 Kf7 29. f3 Nc6 30. Red1 Red8
31. Kf2 Nb4 32. f4 Rd4 33. Ke3 Nc2+ 34. Kf3 Re8 35. Rxd3 Rxd3+ 36. Rxd3 Ne1+
0-1

[Event "8 Player Open 15"]
[Site "SchemingMind.com"]
[Date "2014.10.21"]
[Round "-"]
[White "smothered mate"]
[Black "e7e5"]
[Result "1-0"]
[WhiteCountry "POL"]
[BlackCountry "POL"]
[WhiteElo "1946"]
[WhiteRD "75"]
[BlackElo "1420"]
[BlackRD "75"]
[GameID "367216"]

1. e4 e5 2. Nf3 d6 3. Bc4 Bg4 4. Nc3 Bxf3 5. Qxf3 Nf6 6. d4 Nc6 7. dxe5 dxe5 8. Be3 Bb4 9. O-O O-O 10. Rad1 Qe7
11. Nd5 Nxd5 12. exd5 e4 13. Qe2 Ne5 14. Bb3 Rac8 15. c3 Bd6 16. c4 c6 17. c5 Bxc5 18. Bxc5 Qxc5 19. Qxe4 Rfe8 20. d6 Nd7
21. Qg4 Ne5 22. Qf5 g6 23. Qc2 Qxc2 24. Bxc2 f6 25. d7
1-0

[Event "8 Player Open 15"]
[Site "SchemingMind.com"]
[Date "2014.10.21"]
[Round "-"]
[White "smothered mate"]
[Black "Scooter"]
[Result "1-0"]
[WhiteCountry "POL"]
[BlackCountry "USA"]
[WhiteElo "1936"]
[WhiteRD "67"]
[BlackElo "1731"]
[BlackRD "44"]
[GameID "367217"]

1. e4 c6 2. d4 d5 3. exd5 cxd5 4. c4 Nf6 5. Nc3 e6 6. Nf3 Be7 7. Bd3 O-O 8. O-O Nc6 9. b3 a6 10. Bb2 Bb4
11. Ne2 Be7 12. Ne5 Nxe5 13. dxe5 Ng4 14. Nf4 Nh6 15. cxd5 exd5 16. Nxd5 Bf5 17. Bxf5 Nxf5 18. Qf3 Nh4 19. Qe4 Ng6 20. Rfd1 Qa5
21. Rd3 Rad8 22. e6 f6 23. Qxg6 Rxd5 24. Rxd5 Qxd5 25. Qg4 Rd8 26. h3 Rd6 27. Re1 Qd2 28. Qe2 Qxe2 29. Rxe2 Kf8 30. Kh2 b5
31. f4 f5 32. g4 g6 33. gxf5 gxf5 34. Kg3 Rd3+ 35. Kg2 Bh4 36. Ba3+ Be7 37. Bxe7+ Kxe7 38. h4 Rd6 39. Kf3 Rxe6 40. Re5 Kd6
41. Rxf5 h6 42. h5 Kc6 43. Rf7 Kc5 44. a3 Kd4 45. Rc7
1-0

[Event "8 Player Open 15"]
[Site "SchemingMind.com"]
[Date "2014.10.21"]
[Round "-"]
[White "Scooter"]
[Black "smothered mate"]
[Result "0-1"]
[WhiteCountry "USA"]
[BlackCountry "POL"]
[WhiteElo "1778"]
[WhiteRD "45"]
[BlackElo "1962"]
[BlackRD "66"]
[GameID "367218"]

1. d4 f5 2. Nf3 Nf6 3. Bf4 e6 4. e3 Be7 5. Bd3 O-O 6. O-O d5 7. Nbd2 Nbd7 8. c4 c6 9. b3 Ne4 10. Bxe4 fxe4
11. Ne5 Nf6 12. h3 Bd7 13. c5 Be8 14. b4 Nd7 15. Qg4 Rf5 16. Bh6 Bf6 17. Nxd7 Qxd7 18. Bf4 Bh5 19. Qg3 Qd8 20. Bc7 Qf8
21. Qh2 Be2 22. g4 Rf3 23. Rfe1 Bd3 24. Nxf3 exf3 25. Be5 Bh4 26. Qf4 Qe7 27. Bd6 Qd7 28. Qxf3 e5 29. dxe5 Be4 30. Qe2 Re8
31. Rf1 h5 32. f3 Bg6 33. f4 Be4 34. f5 Qd8 35. gxh5 Qg5+ 36. Qg4 Qxe3+ 37. Kh2 Qd2+ 38. Kg1 Qd4+ 39. Kh2 Qb2+ 40. Kg1 Bf2+
41. Rxf2 Qxa1+ 42. Rf1 Qd4+ 43. Kh2 Qd2+ 44. Kg3 Qg2+ 45. Kh4 Qxf1 46. h6 Qf2+ 47. Kg5 Bf3
0-1

[Event "8 Player Open 15"]
[Site "SchemingMind.com"]
[Date "2014.10.16"]
[Round "-"]
[White "e7e5"]
[Black "Eric111"]
[Result "1-0"]
[WhiteCountry "POL"]
[BlackCountry "USA"]
[WhiteElo "1431"]
[WhiteRD "76"]
[BlackElo "1483"]
[BlackRD "46"]
[GameID "367233"]

1. e4 e5 2. Nf3 Nc6 3. Bb5 a6 4. Ba4 b5 5. Bb3 h6 6. d4 exd4 7. Nxd4 Bb7 8. Qf3 Nf6 9. Nc3 Bc5 10. Nce2 Nxd4
11. Nxd4 Bxd4 12. Qe2 O-O 13. c3 Bb6 14. Bc2 d6 15. O-O Re8 16. Be3 c5 17. f3 c4 18. Bxb6 Qxb6+ 19. Kh1 d5 20. e5 Nd7
21. f4 Nc5 22. f5 Qc6 23. f6 g6 24. Bxg6 Qe6 25. Qh5
1-0

[Event "8 Player Open 15"]
[Site "SchemingMind.com"]
[Date "2014.10.16"]
[Round "-"]
[White "Eric111"]
[Black "e7e5"]
[Result "1-0"]
[WhiteCountry "USA"]
[BlackCountry "POL"]
[WhiteElo "1483"]
[WhiteRD "46"]
[BlackElo "1431"]
[BlackRD "76"]
[GameID "367234"]

1. d4 d5 2. Nc3 e6 3. Nf3 Bb4 4. Bd2 Nc6 5. e3 Nf6 6. a3 Ba5 7. b4 Bb6 8. Be2 Bd7 9. O-O a5 10. Na2 a4
11. b5 Ne7 12. Ne5 Ng6 13. Nxd7 Qxd7 14. c4 O-O 15. Nb4 c5 16. dxc5 Bxc5 17. cxd5 exd5 18. Bc3 Qf5 19. Bxf6 Bxb4 20. Bxg7 Kxg7
21. axb4 a3 22. Bf3 Rfd8 23. Qc1 Ne5 24. Qd1 Nxf3+ 25. Qxf3 Qd7 26. Rfd1 Qxb5 27. Rd4 Qd7 28. Rd3 Qc6 29. Rdxa3 Rac8 30. h3 b5
31. Rd3 Qc4 32. Rd4 Qc3 33. Rad1 Qc6 34. Rxd5 Qe8 35. Qg4+ Kh8 36. Qd4+ Kg8 37. Rg5+ Kf8 38. Qh8+ Ke7 39. Re5#
1-0

[Event "8 Player Open 15"]
[Site "SchemingMind.com"]
[Date "2014.10.21"]
[Round "-"]
[White "Eric111"]
[Black "smothered mate"]
[Result "0-1"]
[WhiteCountry "USA"]
[BlackCountry "POL"]
[WhiteElo "1467"]
[WhiteRD "49"]
[BlackElo "1946"]
[BlackRD "75"]
[GameID "367235"]

1. c4 e5 2. Nc3 Nf6 3. d3 Bb4 4. Bd2 O-O 5. g3 d5 6. cxd5 Bxc3 7. Bxc3 Qxd5 8. Nf3 e4 9. dxe4 Qxd1+ 10. Rxd1 Nxe4
11. Bb4 c5 12. Bd2 Nc6 13. Bg2 Be6 14. b3 c4 15. bxc4 Bxc4 16. Rc1 Bxa2 17. O-O Rad8 18. Be3 Bd5 19. Ra1 a5 20. Nd4 Nxd4
21. Bxd4 Nd2 22. Rfd1 Bxg2 23. Bc3 Nb3 24. Kxg2 Nxa1 25. Rxa1 b6
0-1

[Event "8 Player Open 15"]
[Site "SchemingMind.com"]
[Date "2014.10.21"]
[Round "-"]
[White "smothered mate"]
[Black "Eric111"]
[Result "1-0"]
[WhiteCountry "POL"]
[BlackCountry "USA"]
[WhiteElo "2001"]
[WhiteRD "72"]
[BlackElo "1468"]
[BlackRD "48"]
[GameID "367236"]

1. e4 c6 2. d4 d5 3. exd5 cxd5 4. c4 Nf6 5. Nc3 e6 6. Bg5 Be7 7. Nf3 O-O 8. Bd3 dxc4 9. Bxc4 Re8 10. O-O a6
11. a4 Bb4 12. Qe2 Be7 13. Rad1 Nd5 14. Bxd5 exd5 15. Qd2 Bg4 16. Bxe7 Rxe7 17. Qf4 Bxf3 18. Qxf3 Rd7 19. Rfe1 Nc6 20. Re3 Nb4
21. Re5 f6 22. Re2 Qf8 23. Rde1 Rdd8 24. h3 Qf7 25. Re7 Qf8 26. Qg4 Nd3 27. Qe6+ Kh8 28. Re3 Nf4 29. Qg4 Ng6 30. R7e6 Re8
31. Nxd5 Rad8 32. Nc7 Rxe6 33. Nxe6 f5 34. Qg5
1-0

[Event "8 Player Open 15"]
[Site "SchemingMind.com"]
[Date "2014.10.16"]
[Round "-"]
[White "Eric111"]
[Black "Scooter"]
[Result "0-1"]
[WhiteCountry "USA"]
[BlackCountry "USA"]
[WhiteElo "1483"]
[WhiteRD "46"]
[BlackElo "1752"]
[BlackRD "44"]
[GameID "367237"]

1. e4 c6 2. d4 d5 3. e5 Bf5 4. Bd3 Bxd3 5. Qxd3 e6 6. Nf3 Nd7 7. Bg5 Be7 8. Bxe7 Nxe7 9. O-O O-O 10. Ng5 Nf5
11. g4 Qxg5 12. Qxf5 exf5
0-1

[Event "8 Player Open 15"]
[Site "SchemingMind.com"]
[Date "2014.10.16"]
[Round "-"]
[White "Scooter"]
[Black "Eric111"]
[Result "1-0"]
[WhiteCountry "USA"]
[BlackCountry "USA"]
[WhiteElo "1752"]
[WhiteRD "44"]
[BlackElo "1483"]
[BlackRD "46"]
[GameID "367238"]

1. d4 d5 2. Nf3 Nf6 3. Bf4 e6 4. e3 c5 5. Bb5+ Bd7 6. Bxd7+ Nbxd7 7. c3 cxd4 8. exd4 Be7 9. O-O O-O 10. Nbd2 a6
11. h3 b5 12. Re1 Nb6 13. Ne5 Nc4 14. Nc6 Qd7 15. Nxe7+ Qxe7 16. Nxc4 bxc4 17. Bg5 h6 18. Bxf6 Qxf6 19. Qe2 a5 20. Qe5 Qxe5
21. dxe5 Rab8 22. Re2 a4 23. f4 Rfe8 24. g4 f6 25. Kf2 Kf7 26. h4 fxe5 27. Rxe5 Rf8 28. Re2 Rbe8 29. Rae1 g6 30. Kg3 Re7
31. f5 gxf5 32. gxf5 Rfe8 33. Kf4 exf5 34. Rxe7+ Rxe7 35. Rxe7+ Kxe7 36. Kxf5 Kf7 37. Ke5 Kg6 38. Kxd5 Kf5 39. Kxc4 Kg4 40. b4 Kxh4
41. b5 Kg5 42. b6
1-0

[Event "8 Player Open 15"]
[Site "SchemingMind.com"]
[Date "2014.10.18"]
[Round "-"]
[White "Archon"]
[Black "e7e5"]
[Result "1-0"]
[WhiteCountry "CAN"]
[BlackCountry "POL"]
[WhiteElo "1688"]
[WhiteRD "68"]
[BlackElo "1431"]
[BlackRD "76"]
[GameID "367313"]

1. Nf3 c5 2. c4 d6 3. d4 e6 4. dxc5 d5 5. cxd5 Bxc5 6. Nc3 Nf6 7. dxe6 Qxd1+ 8. Nxd1 Bxe6 9. Nc3 O-O 10. Bg5 Nd5
11. Nxd5 Bxd5 12. e3 Bb4+ 13. Kd1 Nc6 14. Bb5 h6 15. Bh4 f6 16. Ke2 a6 17. Bd3 Rae8 18. Rhd1 Bc5 19. Bg3 Bxf3+ 20. gxf3 Nd4+
21. Kf1 Nxf3 22. Rac1 Bb6 23. Bd6 Rf7 24. Bc4 Ng5 25. Bxf7+ Kxf7 26. Bc5 Bc7 27. Rd7+ Kg6 28. Rxc7 Ne4 29. Bb4 Re5 30. f3 Ng5
31. f4 Ne6 32. fxe5 Nxc7 33. Rxc7 fxe5 34. Bf8
1-0

[Event "8 Player Open 15"]
[Site "SchemingMind.com"]
[Date "2014.10.18"]
[Round "-"]
[White "e7e5"]
[Black "Archon"]
[Result "0-1"]
[WhiteCountry "POL"]
[BlackCountry "CAN"]
[WhiteElo "1420"]
[WhiteRD "75"]
[BlackElo "1710"]
[BlackRD "70"]
[GameID "367314"]

1. e4 d6 2. d4 Nf6 3. Nc3 g6 4. Bd3 Bg7 5. e5 dxe5 6. dxe5 Ng4 7. Bf4 Nc6 8. Nf3 Ncxe5 9. Nxe5 Nxe5 10. Bb5+ c6
11. Qxd8+ Kxd8 12. O-O-O+ Kc7 13. Ba4 Be6 14. Rhe1 f6 15. Bb3 Bxb3 16. cxb3 Rad8 17. Bxe5+ fxe5 18. Ne4 Rxd1+ 19. Rxd1 Rd8 20. Nc5 Bh6+
21. Kc2 Rd5 22. Nd3 Bf4 23. g3 Bg5 24. f4 exf4 25. gxf4 Bf6 26. Rd2 e5 27. fxe5 Bxe5 28. h4 Bg3 29. Re2 Bxh4 30. Rh2 g5
31. Kd2 Kd6 32. Ke3 Ke6 33. b4 Kf6 34. Nc5 b6 35. Nd3 Kg6 36. Ke4 Bg3 37. Rg2 Bc7 38. Rg1 h5 39. b3 h4 40. Rc1 Bg3
41. Rxc6+ Rd6 42. Ne5+ Bxe5 43. Rxd6+ Bxd6 44. Kf3 Kf5
0-1

[Event "8 Player Open 15"]
[Site "SchemingMind.com"]
[Date "2014.10.18"]
[Round "-"]
[White "Archon"]
[Black "Eric111"]
[Result "1-0"]
[WhiteCountry "CAN"]
[BlackCountry "USA"]
[WhiteElo "1710"]
[WhiteRD "70"]
[BlackElo "1467"]
[BlackRD "49"]
[GameID "367315"]

1. Nf3 Nf6 2. c4 c5 3. Nc3 Nc6 4. g3 e6 5. Bg2 d5 6. cxd5 exd5 7. d4 Be6 8. Bg5 Be7 9. O-O O-O 10. Rc1 b6
11. dxc5 bxc5 12. Na4 c4 13. e3 Nb4 14. a3 Nd3 15. Rc2 Qd7 16. Ne1 Ne5 17. Nc3 Bh3 18. Bxf6 Bxf6 19. Qxd5 Qxd5 20. Nxd5 Bxg2
21. Nxf6+ gxf6 22. Kxg2 Rac8 23. Nf3 Rc7 24. Nd2 Rfc8 25. Rfc1 Nd3 26. Rb1 c3 27. bxc3 Rxc3 28. Rxc3 Rxc3 29. Rb3 Rxb3 30. Nxb3 Nb2
31. Nd4 Kf8= 32. Kf3 Ke8 33. Ke4 Kd7 34. Kd5 Kc7 35. Nb5+ Kb6 36. Nd6 a5 37. Nxf7 Na4 38. Nd6 Nb2 39. Nc4+ Nxc4 40. Kxc4 Ka6
41. Kc5 h6 42. e4 h5 43. f4
1-0

[Event "8 Player Open 15"]
[Site "SchemingMind.com"]
[Date "2014.10.18"]
[Round "-"]
[White "Eric111"]
[Black "Archon"]
[Result "1-0"]
[WhiteCountry "USA"]
[BlackCountry "CAN"]
[WhiteElo "1483"]
[WhiteRD "46"]
[BlackElo "1688"]
[BlackRD "68"]
[GameID "367316"]

1. c4 d6 2. d4 e5 3. Nc3 exd4 4. Qxd4 Nc6 5. Qd2 Be6 6. b3 Nf6 7. Bb2 d5 8. cxd5 Nxd5 9. e3 Nxc3 10. Bxc3 Qxd2+
11. Bxd2 O-O-O 12. Nf3 Bb4 13. Bxb4 h6 14. Bc3 Rhg8 15. Bb5 Bd7 16. Nd4 Nxd4 17. Bxd7+ Rxd7 18. exd4 Re8+ 19. Kf1 Rde7 20. g3 Re2
21. Kg2 Rc2 22. Rhc1 Ree2 23. Rxc2 Rxc2 24. Bb4 Kd7 25. Re1
1-0

[Event "8 Player Open 15"]
[Site "SchemingMind.com"]
[Date "2014.10.22"]
[Round "-"]
[White "Archon"]
[Black "smothered mate"]
[Result "0-1"]
[WhiteCountry "CAN"]
[BlackCountry "POL"]
[WhiteElo "1710"]
[WhiteRD "70"]
[BlackElo "1946"]
[BlackRD "75"]
[GameID "367317"]

1. Nf3 d5 2. g3 c5 3. Bg2 Nc6 4. d3 Nf6 5. O-O e5 6. Nbd2 Be7 7. e4 Bg4 8. h3 Bh5 9. c3 O-O 10. Qe1 d4
11. c4 Nb4 12. Qd1 Nxd3 13. Qc2 Nb4 14. Qd1 d3 15. g4 Nxg4 16. hxg4 Bxg4 17. Qb3 a5 18. a3 a4 19. Qc3 Nc2 20. Rb1 Bf6
21. Ne1 Nd4 22. Ndf3 Ne2+
0-1

[Event "8 Player Open 15"]
[Site "SchemingMind.com"]
[Date "2014.10.22"]
[Round "-"]
[White "smothered mate"]
[Black "Archon"]
[Result "1-0"]
[WhiteCountry "POL"]
[BlackCountry "CAN"]
[WhiteElo "1936"]
[WhiteRD "67"]
[BlackElo "1775"]
[BlackRD "82"]
[GameID "367318"]

1. e4 d6 2. Nf3 Nf6 3. Nc3 g6 4. Bc4 Bg7 5. O-O O-O 6. d3 c5 7. Bg5 Nc6 8. h3 a6 9. a4 b6 10. Re1 Nd7
11. Bd5 Bb7 12. Bxc6 Bxc6 13. Nd5 Bxd5 14. exd5 Nf6 15. c4 Re8 16. Ra2 Nd7 17. b3 Ne5 18. Rae2 Nxf3+ 19. gxf3 Ra7 20. Re4 Qd7
21. Kg2 b5 22. a5 bxc4 23. dxc4 Rb7 24. Qd3 h6 25. Bd2 Kh7 26. Rh4 Qf5 27. Ree4 Rh8 28. Rhf4 Qg5+ 29. Rg4 Qf5 30. h4 Rf8
31. h5 Qxh5 32. Rh4 Qf5 33. Qb1 h5 34. Rhf4 Qd7 35. Rh4 Kg8 36. Bg5 Qf5 37. Bd2 Be5 38. Bh6 Re8 39. Qa2 Rb4 40. Bd2 Rbb8
41. Qa4 Bf6 42. Rhf4 Qc8 43. Re2 Bg5 44. Rfe4 Bxd2 45. Rxd2 Rb4 46. Qa3 Qd7 47. Rde2 Rb7 48. R2e3 Qf5 49. Qa4 Qd7 50. Qa1 Rbb8
51. Qe1 Kf8 52. Qc3 Kg8 53. Qd3 e6 54. Qe2 Kf8 55. dxe6 fxe6 56. Rf4+ Kg7 57. Qd2 Rbd8 58. Rd3 Qe7 59. Re4 Qc7 60. Qc3+ Kh7
61. Qf6 Qg7 62. Rxe6 Rxe6 63. Qxd8 Qf6 64. Qc7+ Kh6 65. Rd5 Qf4 66. Qc8 Qf6 67. Qxa6 Re5 68. Qxd6 Qg5+ 69. Kf1
1-0

[Event "8 Player Open 15"]
[Site "SchemingMind.com"]
[Date "2014.10.18"]
[Round "-"]
[White "Archon"]
[Black "Scooter"]
[Result "1/2-1/2"]
[WhiteCountry "CAN"]
[BlackCountry "USA"]
[WhiteElo "1710"]
[WhiteRD "70"]
[BlackElo "1761"]
[BlackRD "48"]
[GameID "367319"]

1. Nf3 Nf6 2. c4 g6 3. g3 Bg7 4. Bg2 O-O 5. Nc3 d6 6. d4 Bg4 7. O-O c6 8. Be3 Nbd7 9. Qb3 Qb6 10. Qc2 Bxf3
11. exf3 Qc7 12. f4 Rac8 13. f5 e5 14. fxg6 hxg6 15. d5 cxd5 16. cxd5 Nb6 17. Rac1 Nbxd5 18. Qd2 Nxc3 19. Rxc3 Qb8 20. Rfc1 b6
21. Rxc8 Rxc8 22. Rxc8+ Qxc8 23. Qxd6 Ng4 24. Bh3 Qf5 25. Bxg4 Qxg4 26. Qd8+ Kh7 27. Qe7 Qd1+ 28. Kg2 Qd5+ 29. Kg1 Qxa2 30. Qh4+ Kg8
31. Qd8+ Kh7 32. Qh4+=
1/2-1/2

[Event "8 Player Open 15"]
[Site "SchemingMind.com"]
[Date "2014.10.18"]
[Round "-"]
[White "Scooter"]
[Black "Archon"]
[Result "0-1"]
[WhiteCountry "USA"]
[BlackCountry "CAN"]
[WhiteElo "1761"]
[WhiteRD "48"]
[BlackElo "1710"]
[BlackRD "70"]
[GameID "367320"]

1. d4 d6 2. Nf3 Bg4 3. e3 Nd7 4. Be2 Ngf6 5. O-O c6 6. Nbd2 g6 7. h3 Bxf3 8. Nxf3 Bg7 9. c4 O-O 10. b3 e5
11. dxe5 Nxe5 12. Nxe5 dxe5 13. Bb2 Qc7 14. Qc2 Rad8 15. Rad1 Nd7 16. Bg4 f5 17. Be2 Kh8 18. Rd2 Nc5 19. Rfd1 Ne6 20. Rxd8 Rxd8
21. Rxd8+ Qxd8 22. Qd1 Qxd1+ 23. Bxd1 Nc5 24. Bc2 e4 25. Bxg7+ Kxg7 26. Kf1 Kf6 27. Ke2 Ke5 28. b4 Nd7 29. c5 h6 30. Bb3 g5
31. g3 Nf6 32. a4 Nd5 33. b5 cxb5 34. axb5 Nc3+ 35. Kd2 Nxb5 36. Bc4 Nc7 37. Kc3 Nd5+ 38. Bxd5 Kxd5 39. Kb4 a6 40. h4 gxh4
41. gxh4 h5
0-1

[Event "8 Player Open 15"]
[Site "SchemingMind.com"]
[Date "2014.10.23"]
[Round "-"]
[White "Archon"]
[Black "emvarela"]
[Result "1-0"]
[WhiteCountry "CAN"]
[BlackCountry "ARG"]
[WhiteElo "1775"]
[WhiteRD "82"]
[BlackElo "1693"]
[BlackRD "51"]
[GameID "367323"]

1. Nf3 Nf6 2. g3 g6 3. Bg2 Bg7 4. O-O O-O 5. d3 d5 6. Nbd2 c5 7. e4 dxe4 8. dxe4 Nc6 9. Re1 Bg4 10. h3 Bxf3
11. Bxf3 e5 12. Bg2 Qa5 13. c3 Rad8 14. Qc2 Rd7 15. Nc4 Qc7 16. Bg5 Rfd8 17. Rad1 Rxd1 18. Rxd1 Rxd1+ 19. Qxd1 Qd7 20. Qxd7 Nxd7
21. a4 h6 22. Be3 b6 23. h4 Bf8 24. Bh3 Nf6 25. Bc8 Nd8 26. f3 Kg7 27. Kf2 Be7= 28. Nxe5 Ne8 29. Nc4 Nd6 30. Nxd6 Bxd6
31. Bd7 f6 32. Bf4 Bxf4 33. gxf4 g5 34. fxg5 hxg5 35. hxg5 fxg5 36. Kg3 Kf6 37. f4 gxf4+ 38. Kxf4 Nf7 39. Bf5 Ne5 40. b3 Nd3+
41. Ke3 Ne5 42. Bc8 Kg5 43. Bb7 Ng4+ 44. Kd3 Ne5+ 45. Ke3 Ng4+ 46. Kd2 Kf4 47. Kd3 Nf2+ 48. Kc4 Nxe4 49. Bxe4 Kxe4 50. a5 Ke3
51. b4 cxb4 52. cxb4 bxa5 53. bxa5
1-0

[Event "8 Player Open 15"]
[Site "SchemingMind.com"]
[Date "2014.10.23"]
[Round "-"]
[White "emvarela"]
[Black "Archon"]
[Result "0-1"]
[WhiteCountry "ARG"]
[BlackCountry "CAN"]
[WhiteElo "1695"]
[WhiteRD "49"]
[BlackElo "1743"]
[BlackRD "80"]
[GameID "367324"]

1. e4 d6 2. d4 Nf6 3. Nc3 g6 4. f4 Bg7 5. Nf3 O-O 6. Bd3 Nbd7 7. O-O e5 8. fxe5 dxe5 9. dxe5 Ng4 10. Bf4 Ngxe5
11. Nxe5 Nxe5 12. Bxe5 Bxe5 13. Qd2 Be6 14. Rfd1 c6 15. Ne2 Qc7 16. c3 Bxh2+ 17. Kh1 Be5 18. Nd4 Bg4 19. Rf1 Rad8 20. Qe3 Qb6
21. Nf5 Bxf5 22. Qxb6 axb6 23. exf5 Rxd3 24. fxg6 hxg6 25. Rf2 Rfd8 26. Raf1 f6 27. Kg1 Rd1 28. Rxd1 Rxd1+ 29. Rf1 Rxf1+ 30. Kxf1 Kf7
31. Kf2 Ke6 32. Kf3 f5 33. g3 Kd5
0-1

[Event "8 Player Open 15"]
[Site "SchemingMind.com"]
[Date "2014.10.23"]
[Round "-"]
[White "e7e5"]
[Black "emvarela"]
[Result "0-1"]
[WhiteCountry "POL"]
[BlackCountry "ARG"]
[WhiteElo "1413"]
[WhiteRD "94"]
[BlackElo "1660"]
[BlackRD "50"]
[GameID "367325"]

1. e4 e5 2. Nf3 Nc6 3. Bb5 f5 4. d3 fxe4 5. dxe4 Nf6 6. Bg5 d6 7. Bxc6+ bxc6 8. h3 h6 9. Bh4 g5 10. Bg3 Ba6
11. Nc3 Bg7 12. Ne2 Bxe2 13. Qxe2 O-O 14. O-O Re8 15. Qc4+ Kh7 16. Rad1 Nd7 17. Qxc6 Rb8 18. b3 Rb6 19. Qd5 Nc5 20. a3 Qd7
21. b4 Na4 22. Rd3 Rb5 23. Qa2 Qe6 24. Qxe6 Rxe6 25. Rd5 Rxd5 26. c4 Rd3 27. Ra1 Nb2 28. Rc1 Rxa3 29. Nd2 Nd3 30. Nb1 Nxc1
31. Nxa3 Ne2+ 32. Kh2 Nxg3 33. Kxg3 c6 34. Nc2 h5 35. Kf3 Rf6+ 36. Ke2 g4 37. Ne3 gxh3 38. gxh3 Bh6 39. Nf5 a6 40. Kd3 Bf8
41. f3 d5 42. c5 Rxf5 43. exf5 Kg7
0-1

[Event "8 Player Open 15"]
[Site "SchemingMind.com"]
[Date "2014.10.23"]
[Round "-"]
[White "emvarela"]
[Black "e7e5"]
[Result "1-0"]
[WhiteCountry "ARG"]
[BlackCountry "POL"]
[WhiteElo "1695"]
[WhiteRD "49"]
[BlackElo "1421"]
[BlackRD "84"]
[GameID "367326"]

1. e4 e5 2. Nf3 d6 3. d4 exd4 4. Nxd4 c5 5. Nb3 Nc6 6. Bb5 Bd7 7. Bxc6 Bxc6 8. c4 g6 9. Nc3 Bg7 10. Nd5 Bxd5
11. exd5 Ne7 12. Qc2 Qd7 13. O-O O-O 14. Be3 Nf5 15. Rfe1 Nxe3 16. Rxe3 Rae8 17. Rae1 Be5 18. Nd2 Re7 19. Nf3 f6 20. Nxe5 fxe5
21. Qd3 Rf4 22. g3 Rd4 23. Qe2 Qe8 24. f4 e4 25. b3 a6 26. Qg4 Qf7 27. h4 Rd2 28. Rxe4 h5 29. Qc8+
1-0

[Event "8 Player Open 15"]
[Site "SchemingMind.com"]
[Date "2014.10.23"]
[Round "-"]
[White "Eric111"]
[Black "emvarela"]
[Result "1/2-1/2"]
[WhiteCountry "USA"]
[BlackCountry "ARG"]
[WhiteElo "1506"]
[WhiteRD "51"]
[BlackElo "1693"]
[BlackRD "51"]
[GameID "367327"]

1. d4 Nf6 2. c4 e6 3. Nc3 Bb4 4. Bd2 O-O 5. Nf3 c5 6. e3 Nc6 7. a3 Bxc3 8. Bxc3 cxd4 9. Bxd4 Nxd4 10. Qxd4 d5
11. cxd5 Qxd5 12. Qxd5 Nxd5 13. Bc4 Nb6 14. Rc1 Nxc4 15. Rxc4 Bd7 16. Rc3 Rac8 17. O-O Rxc3 18. bxc3 Rc8 19. Rc1 Bc6 20. Nd4 a6
21. Nxc6 Rxc6 22. h3 b5 23. Kf1 Kf8 24. Ke2 Ke7 25. f4 f5 26. g4 g6 27. gxf5 exf5 28. Kd2 Kd6 29. Kd3= Rc4 30. h4 Kd5
31. Ke2 Ke4 32. Rc2 g5 33. fxg5 f4 34. exf4 Kxf4 35. Kd3 Kg4 36. Rh2 Kh5 37. Kc2= Rxh4 38. Rg2 Rg4 39. Rh2+ Kg6 40. Rh6+ Kg7
41. Rxa6 Rxg5 42. a4 bxa4 43. Rxa4 h5 44. Rh4 Kg6 45. c4 Rc5 46. Kc3=
1/2-1/2

[Event "8 Player Open 15"]
[Site "SchemingMind.com"]
[Date "2014.10.23"]
[Round "-"]
[White "emvarela"]
[Black "Eric111"]
[Result "0-1"]
[WhiteCountry "ARG"]
[BlackCountry "USA"]
[WhiteElo "1693"]
[WhiteRD "51"]
[BlackElo "1506"]
[BlackRD "51"]
[GameID "367328"]

1. e4 c5 2. Nf3 Nc6 3. d4 cxd4 4. Nxd4 Nf6 5. Nxc6 bxc6 6. Nc3 d6 7. Bd3 e5 8. O-O Be7 9. Bg5 O-O 10. Bxf6 Bxf6
11. Qd2 Bg5 12. Qe2 Qf6 13. b4 Bd7 14. a3 Qh6 15. Nd1 Bf4 16. g3 Bg5 17. Ne3 f5 18. exf5 Bxe3 19. fxe3 Qf6 20. e4 Qg5
21. c4 h5 22. c5 dxc5 23. Bc4+ Kh8 24. Rad1 Rad8 25. bxc5 h4 26. Rd3 Rf6 27. g4 g6 28. Kh1 Rff8 29. Be6 Bxe6 30. Rxd8 Rxd8
31. fxe6 Qe7 32. Qe3 g5 33. Rf5 Qxe6 34. Qxg5 Rd1+ 35. Kg2 Qa2+ 36. Rf2 h3+ 37. Kg3 Rd3+ 38. Kh4 Qxf2+ 39. Kh5 Qf7+ 40. Kh4 Qh7+
41. Qh5 Qxh5+ 42. Kxh5 Rxa3
0-1

[Event "8 Player Open 15"]
[Site "SchemingMind.com"]
[Date "2014.10.23"]
[Round "-"]
[White "smothered mate"]
[Black "emvarela"]
[Result "1-0"]
[WhiteCountry "POL"]
[BlackCountry "ARG"]
[WhiteElo "1962"]
[WhiteRD "66"]
[BlackElo "1695"]
[BlackRD "49"]
[GameID "367329"]

1. e4 e5 2. f4 exf4 3. Nf3 Nf6 4. Nc3 d6 5. Bc4 Be7 6. O-O O-O 7. d4 Bg4 8. Bxf4 Nbd7 9. Qe1 Bxf3 10. Rxf3 Nb6
11. Bd3 a6 12. Rd1 c6 13. e5 dxe5 14. dxe5 Nfd5 15. Qe4 g6 16. Bh6 Nxc3 17. bxc3 Re8 18. Rxf7 Bc5+ 19. Kh1 Nd5 20. Rg7+ Kh8
21. Rxh7+
1-0